Η διοίκηση ανθρωπίνων πόρων στις ξενοδοχειακές επιχειρήσεις : η περίπτωση της εταιρείας "Ξενοδοχεία Χανδρή (Ελλάς) Α.Ε. : διπλωματική εργασία

Αποθηκεύτηκε σε:
Λεπτομέρειες βιβλιογραφικής εγγραφής
Κύριος συγγραφέας: Πνευματικούδη, Κυριακή
Συγγραφή απο Οργανισμό/Αρχή: Πανεπιστήμιο Αιγαίου Σχολή Επιστημών της Διοίκησης Τμήμα Διοίκησης Επιχειρήσεων Πρόγραμμα Μεταπτυχιακών Σπουδών στη Διοίκηση Επιχειρήσεων - M.B.A
Άλλοι συγγραφείς: Στογιαννίδου, Μαριάνθη (Εισηγητής διατριβής)
Μορφή: Thesis Βιβλίο
Γλώσσα:Greek
Δημοσίευση: 2010
Θέματα:
Διαθέσιμο Online:http://hdl.handle.net/11610/13530
Ετικέτες: Προσθήκη ετικέτας
Δεν υπάρχουν, Καταχωρήστε ετικέτα πρώτοι!

MARC

LEADER 00000cam a2200000 i 4500
001 1/10799
008 101108s2010 gre d
035 |l 10109160 
040 |a GR-MY-UA  |b gre  |e aacr 
041 0 |a gre 
082 0 |a 658.300945  |2 (22) 
100 1 |a Πνευματικούδη, Κυριακή. 
245 1 2 |a Η διοίκηση ανθρωπίνων πόρων στις ξενοδοχειακές επιχειρήσεις :  |b η περίπτωση της εταιρείας "Ξενοδοχεία Χανδρή (Ελλάς) Α.Ε. : διπλωματική εργασία /  |c Πνευματικούδη Κυριακή ; επιβλέπουσα καθηγήτρια Στογιαννίδου Μ. 
260 |c 2010 
300 |a 119 σ.;  |b διαγρ., πιν.;  |c 30 εκ. 
502 |a Διατριβή (μεταπτυχιακή) – Πανεπιστήμιο Αιγαίου, Χίος, 2010. 
504 |a Περιλαμβάνει βιβλιογραφία 
650 0 0 |a Personnel management  |y 21st century. 
650 0 0 |a Hospitality industry  |x Employees  |x Training of. 
650 0 0 |a Employee motivation. 
650 0 0 |a Hotel management  |z Greece  |z Chios (Municipality) 
650 0 0 |a Management  |x Social aspects. 
650 0 0 |a Employee selection. 
650 0 0 |a Dissertations, Academic  |z Greece. 
700 1 |a Στογιαννίδου, Μαριάνθη.  |4 ths 
710 1 |a Πανεπιστήμιο Αιγαίου  |b Σχολή Επιστημών της Διοίκησης  |b Τμήμα Διοίκησης Επιχειρήσεων  |b Πρόγραμμα Μεταπτυχιακών Σπουδών στη Διοίκηση Επιχειρήσεων - M.B.A. 
852 |a INST  |b CHIOS  |c DIATR  |e 20101108  |h 658.300945 ΠΝΕ  |p 005200031342  |q 005200031342  |t MTXE  |y 23 
852 |a INST  |b CHIOS  |c DIATR  |e 20101108  |h 658.300945 ΠΝΕ  |p 005200031343  |q 005200031343  |t MTXE  |y 23 
856 |u http://hdl.handle.net/11610/13530 
901 |a BIBL2-2010-3 
909 |a Χ  |b 149182 
909 |a Χ  |b 149183 
924 |a ΠΝΕΥΜΑΤΙΚΟΥΔΗ  |b ΚΥΡΙΑΚΗ  |y ΧΙΟΣ  |z 2010-11 
970 |a ΠΑΡΟΙΚΑΚΗ  |b ΒΑΣΙΛΙΚΗ  |z 2010/11/08